[Event "Thessaloniki Triandria op 13th"]
[Site "Thessaloniki"]
[Date "2022.04.30"]
[Round "7"]
[White "Tsikerdanos, Konstantinos"]
[Black "Kazakos, Markos"]
[Result "0-1"]
[WhiteElo "1833"]
[BlackElo "2314"]
[PlyCount "78"]
[EventDate "2022.04.26"]
[EventType "swiss"]
[EventRounds "7"]
[EventCountry "GRE"]
[SourceTitle "EXT 2023"]
[Source "ChessBase"]
[SourceDate "2022.10.05"]
[SourceVersion "1"]
[SourceVersionDate "2022.10.05"]
[SourceQuality "1"]

1. d4 g6 2. e4 Bg7 3. Nc3 d6 4. Be3 a6 5. Qd2 Nd7 6. 0-0-0 b5 7. f4 Bb7 8. e5 e6 9. Nf3 b4 10. Na4 a5 11. Bb5 Rb8 12. Qe2 Ne7 13. f5 Bxf3 14. gxf3 Nxf5 15. Bf4 0-0 16. h4 h5 17. b3 Nb6 18. Nxb6 Rxb6 19. Rh3 Qb8 20. Ba4 Rc8 21. d5 dxe5 22. Bxe5 exd5 23. Bd7 Re8 24. Rxd5 Rd6 25. Bxe8 Rxd5 26. Bxg7 Kxg7 27. Bc6 Rd6 28. Be4 Qe8 29. Qh2 Qe6 30. Bd3 Qe1+ 31. Kb2 Qc3+ 32. Kb1 Re6 33. Be4 Qe1+ 34. Kb2 Ne3 35. c4 Qc3+ 36. Kb1 Rd6 37. Bd5 Nxd5 38. cxd5 Rxd5 39. Qc2 Qe1+ 0-1

[Event "EU-ch Hybrid U18"]
[Site "Tornelo INT"]
[Date "2021.10.15"]
[Round "4"]
[White "Grutter, Tim"]
[Black "Kazakos, Markos"]
[Result "1-0"]
[WhiteElo "2248"]
[BlackElo "2149"]
[PlyCount "107"]
[EventDate "2021.10.15"]
[EventType "swiss"]
[EventRounds "9"]
[EventCountry "NET"]
[SourceTitle "EXT 2023"]
[Source "ChessBase"]
[SourceDate "2022.10.05"]
[SourceVersion "1"]
[SourceVersionDate "2022.10.05"]
[SourceQuality "1"]
[WhiteTeam "Netherlands"]
[BlackTeam "Greece"]
[WhiteTeamCountry "NED"]
[BlackTeamCountry "GRE"]

1. e4 c5 2. Nf3 e6 3. d4 cxd4 4. Nxd4 a6 5. c4 Nf6 6. Nc3 Qc7 7. Be2 Bb4 8. Qd3 b6 9. a3 Be7 10. f4 d6 11. 0-0 Nbd7 12. b4 Bb7 13. Bb2 h6 14. Rac1 Rc8 15. f5 e5 16. Nd5 Qd8 17. Nb3 Nxd5 18. exd5 0-0 19. Bf3 e4 20. Qxe4 Bf6 21. Bxf6 Qxf6 22. Qd4 Rfe8 23. Qxf6 Nxf6 24. Kf2 Ne4+ 25. Bxe4 Rxe4 26. Nd2 Re5 27. g4 b5 28. cxb5 Rxc1 29. Rxc1 axb5 30. Nf3 Re4 31. g5 Bxd5 32. Rd1 Bb7 33. Nd4 hxg5 34. Nxb5 Rf4+ 35. Ke3 Rf3+ 36. Kd2 Rf2+ 37. Kc3 Ba6 38. Nxd6 Rf3+ 39. Kb2 g4 40. b5 Bxb5 41. Nxb5 Rxf5 42. a4 Rf2+ 43. Kb3 Rxh2 44. a5 Rh6 45. Nd6 Rh3+ 46. Kb4 Rh2 47. Ra1 Rb2+ 48. Kc5 Rb8 49. a6 g6 50. a7 Ra8 51. Nb5 f5 52. Nc7 Rxa7 53. Rxa7 g3 54. Kd4 1-0

[Event "EU-ch Hybrid U18"]
[Site "Tornelo INT"]
[Date "2021.10.15"]
[Round "3"]
[White "Kazakos, Markos"]
[Black "Ivanovic, Marko"]
[Result "1-0"]
[WhiteElo "2149"]
[BlackElo "2300"]
[PlyCount "71"]
[EventDate "2021.10.15"]
[EventType "swiss"]
[EventRounds "9"]
[EventCountry "NET"]
[SourceTitle "EXT 2023"]
[Source "ChessBase"]
[SourceDate "2022.10.05"]
[SourceVersion "1"]
[SourceVersionDate "2022.10.05"]
[SourceQuality "1"]
[WhiteTeam "Greece"]
[BlackTeam "Serbia"]
[WhiteTeamCountry "GRE"]
[BlackTeamCountry "SRB"]

1. e4 e5 2. Nf3 Nc6 3. Bb5 g6 4. c3 d6 5. d4 Bd7 6. 0-0 Bg7 7. d5 Nce7 8. Bxd7+ Qxd7 9. c4 h6 10. Nc3 f5 11. Ne1 Nf6 12. f3 f4 13. Nd3 g5 14. Qb3 b6 15. Qb5 c6 16. Qa4 0-0 17. Nb4 Rac8 18. b3 g4 19. dxc6 Nxc6 20. Ncd5 Kh8 21. Nxc6 Rxc6 22. Nb4 gxf3 23. gxf3 Qh3 24. Qxc6 Rg8 25. Kf2 Qxh2+ 26. Ke1 Nh5 27. Kd1 Bf6 28. Bd2 Rg2 29. Qxd6 a5 30. Nc6 Ng3 31. Qxf6+ Kh7 32. Qe7+ Kg8 33. Qd8+ Kh7 34. Re1 Ne2 35. Qd7+ Kh8 36. Nxe5 1-0

[Event "GRE-ch U18"]
[Site "Chania"]
[Date "2021.07.21"]
[Round "9"]
[White "Spyratos, Nikolaos"]
[Black "Kazakos, Markos"]
[Result "0-1"]
[WhiteElo "2030"]
[BlackElo "2069"]
[PlyCount "112"]
[EventDate "2021.07.15"]
[EventType "swiss"]
[EventRounds "9"]
[EventCountry "GRE"]
[SourceTitle "EXT 2022"]
[Source "ChessBase"]
[SourceDate "2021.10.06"]
[SourceVersion "1"]
[SourceVersionDate "2021.10.06"]
[SourceQuality "1"]

1. e4 c5 2. Nf3 e6 3. c3 Nf6 4. Bd3 d5 5. e5 Nfd7 6. Bc2 c4 7. d4 cxd3 8. Qxd3 b6 9. Qe2 Ba6 10. Bd3 Bxd3 11. Qxd3 Nc6 12. Bf4 Be7 13. Qe3 b5 14. 0-0 Qb6 15. Qe2 a5 16. Nbd2 0-0 17. Nb3 Rfc8 18. Rfd1 b4 19. Be3 Qb7 20. Bd4 a4 21. Nc1 a3 22. b3 Nxd4 23. cxd4 Rc3 24. Nd3 Rac8 25. Rac1 Qb5 26. Rxc3 Rxc3 27. h3 Qc6 28. Rd2 Nb8 29. Nde1 Na6 30. Rd1 Nc7 31. Qd2 Nb5 32. Kh2 h6 33. Kg1 Qc7 34. Ra1 Rc6 35. Qe3 Nc3 36. Nd3 Ne4 37. Nd2 Nxd2 38. Qxd2 Rc2 39. Qe1 Qc3 40. Qxc3 bxc3 41. Ne1 Rb2 42. f4 Bh4 43. Nd3 Rd2 44. Nb4 Bf2+ 45. Kh2 Bxd4 46. Rc1 g5 47. Nc2 Ba7 48. fxg5 hxg5 49. Nxa3 d4 50. Nc2 Bb8 51. Kg3 Bxe5+ 52. Kf3 f5 53. a4 d3 54. Nb4 c2 55. Ke3 Bf4+ 56. Kd4 Rd1 0-1

[Event "GRE-ch U18"]
[Site "Chania"]
[Date "2021.07.19"]
[Round "7"]
[White "Stefanou, Dimitrios"]
[Black "Kazakos, Markos"]
[Result "0-1"]
[WhiteElo "2099"]
[BlackElo "2069"]
[PlyCount "104"]
[EventDate "2021.07.15"]
[EventType "swiss"]
[EventRounds "9"]
[EventCountry "GRE"]
[SourceTitle "EXT 2022"]
[Source "ChessBase"]
[SourceDate "2021.10.06"]
[SourceVersion "1"]
[SourceVersionDate "2021.10.06"]
[SourceQuality "1"]

1. d4 Nf6 2. c4 g6 3. Nc3 Bg7 4. e4 d6 5. Bg5 0-0 6. Qd2 c5 7. d5 b5 8. cxb5 a6 9. bxa6 Qa5 10. Nf3 Nbd7 11. Bd3 Bxa6 12. 0-0 Rfb8 13. Bxa6 Rxa6 14. Qc2 Ne8 15. Bd2 Nc7 16. b3 Nb5 17. Nxb5 Qxb5 18. Rab1 Ra3 19. Bc1 Ra7 20. Nd2 Qe2 21. a3 Ne5 22. Bb2 Bh6 23. Rbd1 Nd3 24. Qc3 Nxb2 25. Qxb2 Qd3 26. b4 c4 27. Nb1 Qxe4 28. Rfe1 Qf5 29. Qd4 Rc7 30. Nc3 Bg7 31. Qd2 Ra7 32. Qb2 Rba8 33. Ra1 Bd4 34. Red1 Qe5 35. Rxd4 Qxd4 36. Rd1 Qg4 37. h3 Qh5 38. Ra1 Qe5 39. a4 e6 40. dxe6 fxe6 41. a5 d5 42. Rd1 Rb7 43. Qa3 d4 44. Na4 c3 45. Nc5 Rc7 46. Qb3 Qd5 47. Qxd5 exd5 48. Kf1 Re8 49. a6 c2 50. Ra1 Rxc5 51. bxc5 d3 52. a7 d2 0-1

[Event "GRE-ch South U16"]
[Site "Athens"]
[Date "2020.08.31"]
[Round "5"]
[White "Kazakos, Markos"]
[Black "Patrelakis, Evaggelos"]
[Result "0-1"]
[WhiteElo "2161"]
[BlackElo "2279"]
[PlyCount "72"]
[EventDate "2020.08.28"]
[EventType "swiss"]
[EventRounds "9"]
[EventCountry "GRE"]
[SourceTitle "EXT 2023"]
[Source "ChessBase"]
[SourceDate "2022.10.05"]
[SourceVersion "1"]
[SourceVersionDate "2022.10.05"]
[SourceQuality "1"]

1. Nf3 Nf6 2. g3 g6 3. Bg2 Bg7 4. b3 Ne4 5. d4 c5 6. 0-0 0-0 7. Bb2 Nc6 8. c4 d6 9. e3 Qa5 10. Qe2 Bg4 11. h3 cxd4 12. exd4 Nxd4 13. Bxd4 Bxf3 14. Qe3 Bxd4 15. Qxd4 Qf5 16. h4 Rfe8 17. Re1 Bxg2 18. Kxg2 Nf6 19. Nc3 a6 20. Re3 Qd7 21. Rae1 Qc6+ 22. Kg1 e5 23. Qd2 b5 24. Rd3 Re6 25. Nd5 bxc4 26. bxc4 h5 27. f4 Qc5+ 28. Kh1 Ng4 29. f5 Nf2+ 30. Kh2 Nxd3 31. fxe6 Nxe1 32. Qxe1 fxe6 33. Ne7+ Kf7 34. Qe4 Qf2+ 35. Kh3 Qf1+ 36. Kh2 Rb8 0-1

[Event "GRE-ch South U16"]
[Site "Athens"]
[Date "2020.08.28"]
[Round "1"]
[White "Papaioannou, Dimitrios1111"]
[Black "Kazakos, Markos"]
[Result "0-1"]
[WhiteElo "1769"]
[BlackElo "2161"]
[PlyCount "88"]
[EventDate "2020.08.28"]
[EventType "swiss"]
[EventRounds "9"]
[EventCountry "GRE"]
[SourceTitle "EXT 2023"]
[Source "ChessBase"]
[SourceDate "2022.10.05"]
[SourceVersion "1"]
[SourceVersionDate "2022.10.05"]
[SourceQuality "1"]

1. e4 g6 2. d4 Bg7 3. Nc3 d6 4. f4 a6 5. Nf3 b5 6. a4 b4 7. Na2 a5 8. c3 bxc3 9. bxc3 e6 10. Bd3 Ne7 11. 0-0 0-0 12. Rb1 Ba6 13. Bxa6 Rxa6 14. Be3 d5 15. e5 Nd7 16. Nc1 Nb6 17. Nd3 Nc4 18. Bf2 Qe8 19. Nb2 Rb6 20. Nxc4 dxc4 21. Rxb6 cxb6 22. Qc2 Nd5 23. Rb1 Qc6 24. Bg3 Bh6 25. Rb5 Nc7 26. Rb1 Rb8 27. Nd2 Nd5 28. Ne4 b5 29. Nd6 b4 30. cxb4 axb4 31. Qxc4 Qxc4 32. Nxc4 Nc3 33. Rb2 Nxa4 34. Ra2 Nc3 35. Rb2 Nd5 36. Na5 Rb5 37. Nc6 b3 38. Kf1 Ne3+ 39. Ke2 Nc4 40. Rb1 b2 41. Kd3 Na3 42. Na7 Rb3+ 43. Kd2 Nxb1+ 44. Kc2 Nd2 0-1

[Event "GRE-chT U16"]
[Site "Thessaloniki"]
[Date "2019.12.01"]
[Round "6.2"]
[White "Tzagarakis, Panagiotis"]
[Black "Kazakos, Markos"]
[Result "0-1"]
[WhiteElo "2019"]
[BlackElo "2131"]
[PlyCount "112"]
[EventDate "2019.11.28"]
[EventType "team-swiss"]
[EventRounds "6"]
[EventCountry "GRE"]
[SourceTitle "CBM 193 Extra"]
[Source "ChessBase"]
[SourceDate "2020.01.31"]
[SourceVersion "1"]
[SourceVersionDate "2020.01.31"]
[SourceQuality "1"]
[WhiteTeam "Chanion"]
[BlackTeam "Thessaloniki ES"]
[WhiteTeamCountry "GRE"]
[BlackTeamCountry "GRE"]

1. e4 e5 2. Nf3 Nc6 3. d4 exd4 4. Nxd4 Bb4+ 5. c3 Bc5 6. Be3 Bb6 7. Be2 d6 8. 0-0 Nf6 9. Nd2 0-0 10. Qc2 Re8 11. Rfe1 Ne5 12. h3 d5 13. f4 Ng6 14. e5 c5 15. Nb5 d4 16. exf6 dxe3 17. Nc4 Qxf6 18. Nbd6 Re7 19. Rad1 Nxf4 20. Bf3 Nxh3+ 21. Kf1 Ng5 22. Nxb6 axb6 23. Ke2 Nxf3 24. gxf3 Bg4 25. Rf1 Bh3 26. Rh1 Qe6 27. b3 g6 28. c4 Bf5 29. Qb2 Qe5 30. Qxe5 Rxe5 31. Ra1 Rd8 32. Rhd1 Bc2 33. Rdc1 Bd3+ 34. Kxd3 Rxd6+ 35. Kc3 e2 36. Re1 Re3+ 37. Kc2 h5 38. a4 Rdd3 39. Rxe2 Rc3+ 40. Kd2 Red3+ 41. Ke1 Rxf3 42. Rd1 Rxb3 43. Rd7 Rfe3 44. Rxb7 Rxe2+ 45. Kxe2 h4 46. a5 h3 47. Kf2 g5 48. Kg1 g4 49. Kh2 Rb2+ 50. Kh1 g3 51. Rxb6 Ra2 52. Rb1 Rxa5 53. Rg1 Ra3 54. Rc1 Rf3 55. Rg1 g2+ 56. Kh2 Rf1 0-1

[Event "GRE-chT U16"]
[Site "Thessaloniki"]
[Date "2019.11.29"]
[Round "2.2"]
[White "Kazakos, Markos"]
[Black "Tagkaloglou, Savvas Stefanos"]
[Result "1-0"]
[WhiteElo "2131"]
[BlackElo "1484"]
[PlyCount "53"]
[EventDate "2019.11.28"]
[EventType "team-swiss"]
[EventRounds "6"]
[EventCountry "GRE"]
[SourceTitle "CBM 193 Extra"]
[Source "ChessBase"]
[SourceDate "2020.01.31"]
[SourceVersion "1"]
[SourceVersionDate "2020.01.31"]
[SourceQuality "1"]
[WhiteTeam "Thessaloniki ES"]
[BlackTeam "Thessaloniki Galaxias"]
[WhiteTeamCountry "GRE"]
[BlackTeamCountry "GRE"]

1. Nf3 e6 2. g3 b6 3. Bg2 Bb7 4. 0-0 f5 5. c4 Nf6 6. Nc3 Bb4 7. Qc2 0-0 8. Rd1 Bxc3 9. Qxc3 Qe7 10. d4 d6 11. b4 Nbd7 12. a4 a5 13. b5 Rfe8 14. Ba3 Rab8 15. Rac1 e5 16. c5 exd4 17. cxd6 cxd6 18. Nxd4 Bxg2 19. Kxg2 Nc5 20. Nxf5 Qxe2 21. Nxd6 Nfe4 22. Nxe4 Qxe4+ 23. Kg1 Qxa4 24. Bxc5 bxc5 25. Rd7 Qg4 26. Rcd1 Rxb5 27. h3 1-0

[Event "GRE-chT 46th"]
[Site "Rio Achaia"]
[Date "2018.07.15"]
[Round "7.2"]
[White "Triantos, Konstantinos"]
[Black "Kazakos, Markos"]
[Result "0-1"]
[WhiteElo "2078"]
[BlackElo "2051"]
[PlyCount "70"]
[EventDate "2018.07.10"]
[EventType "team"]
[EventRounds "7"]
[EventCountry "GRE"]
[SourceTitle "CBM 185 Extra"]
[Source "ChessBase"]
[SourceDate "2018.07.29"]
[SourceVersion "1"]
[SourceVersionDate "2018.07.29"]
[SourceQuality "1"]
[WhiteTeam "Heraklion"]
[BlackTeam "Thessaloniki"]
[WhiteTeamCountry "GRE"]
[BlackTeamCountry "GRE"]

1. e4 Nc6 2. Nf3 d6 3. d4 Nf6 4. d5 Nb8 5. Bd3 g6 6. Be3 Bg7 7. Qd2 0-0 8. Bh6 e6 9. Nc3 exd5 10. 0-0-0 dxe4 11. Nxe4 d5 12. Ng3 c5 13. h4 Bxh6 14. Qxh6 Ng4 15. Qd2 h5 16. Bc4 Be6 17. Bxd5 Bxd5 18. Qxd5 Qxd5 19. Rxd5 Nxf2 20. Rf1 Ng4 21. Rxc5 Nc6 22. Ng5 Rad8 23. b3 Ne3 24. Rf3 Nxg2 25. Nxh5 Nd4 26. Rf2 Nxh4 27. Rh2 Ndf5 28. Nf6+ Kg7 29. Nge4 Rc8 30. Re5 Rc6 31. Rb5 Rxf6 32. Nxf6 Kxf6 33. Rxb7 g5 34. Rb4 Kg6 35. Kd2 Nf3+ 0-1

[Event "Thessaloniki Vardaris op 4th"]
[Site "Thessaloniki"]
[Date "2018.02.19"]
[Round "7"]
[White "Kazakos, Markos"]
[Black "Dorfanis, Ilarion"]
[Result "1/2-1/2"]
[WhiteElo "1975"]
[BlackElo "2169"]
[PlyCount "121"]
[EventDate "2018.02.15"]
[EventType "swiss"]
[EventRounds "7"]
[EventCountry "GRE"]
[SourceTitle "CBM 183 Extra"]
[Source "ChessBase"]
[SourceDate "2018.04.19"]
[SourceVersion "1"]
[SourceVersionDate "2018.04.19"]
[SourceQuality "1"]

1. g3 e5 2. Bg2 d5 3. d3 c6 4. Nf3 Bd6 5. 0-0 Nf6 6. Nc3 0-0 7. e4 dxe4 8. Nxe4 Nxe4 9. dxe4 Na6 10. Qe2 Bg4 11. h3 Bh5 12. Be3 Qe7 13. Qc4 Nc5 14. Bxc5 Bxc5 15. Nh4 b5 16. Qc3 Rfe8 17. Nf5 Qf8 18. a4 a5 19. axb5 cxb5 20. g4 Bg6 21. Rfd1 b4 22. Qb3 Kh8 23. Rd7 Red8 24. Qd5 Rxd7 25. Qxd7 Bb6 26. Qb5 Qc5 27. Qxc5 Bxc5 28. b3 f6 29. Bf1 Bxf5 30. exf5 Bd4 31. Rd1 Kg8 32. Kg2 Kf8 33. f4 Rc8 34. Bd3 exf4 35. Kf3 Be5 36. Re1 Ke7 37. Re4 Kd6 38. Rc4 Rxc4 39. Bxc4 Kc5 40. Bd3 Kd4 41. Be4 h6 42. h4 Bc7 43. h5 Be5 44. Bc6 Kc3 45. Ba4 Kxc2 46. Ke4 Kd2 47. Kf3 Bc7 48. Bb5 Kc2 49. Ba4 Kc3 50. Ke4 Kd2 51. Kf3 Kd3 52. Bb5+ Kd4 53. Bd7 Ke5 54. Bb5 Bb6 55. Ba4 Be3 56. Bc6 Kd4 57. Bb5 Kc3 58. Ba4 Kc2 59. Ke2 Bc1 60. Kf2 Kd3 61. Kf3 1/2-1/2

[Event "GRE-chT 45th"]
[Site "Achaia"]
[Date "2017.07.07"]
[Round "6.5"]
[White "Kazakos, Markos"]
[Black "Nasos, Valerios"]
[Result "1-0"]
[WhiteElo "1822"]
[BlackElo "1433"]
[PlyCount "111"]
[EventDate "2017.07.03"]
[EventType "team-swiss"]
[EventRounds "7"]
[EventCountry "GRE"]
[SourceTitle "CBM 179 Extra"]
[Source "ChessBase"]
[SourceDate "2017.08.23"]
[SourceVersion "1"]
[SourceVersionDate "2017.08.23"]
[SourceQuality "1"]
[WhiteTeam "Thessaloniki HS"]
[BlackTeam "Alexandroupolis Ethnikos"]
[WhiteTeamCountry "GRE"]
[BlackTeamCountry "GRE"]

1. g3 c5 2. Bg2 Nc6 3. d3 g6 4. e4 Bg7 5. Ne2 d6 6. c4 Nf6 7. Nbc3 Nd7 8. Rb1 Nf8 9. a3 Ne6 10. b4 0-0 11. 0-0 Ncd4 12. Bb2 Rb8 13. Nxd4 Nxd4 14. Ne2 b6 15. Bxd4 cxd4 16. Qd2 e5 17. b5 f5 18. a4 Bb7 19. f3 Bf6 20. a5 Bg5 21. f4 Bh6 22. Ra1 fxe4 23. dxe4 Qc7 24. axb6 axb6 25. Qd3 Ra8 26. Bh3 Rxa1 27. Rxa1 Ba8 28. Be6+ Kh8 29. Bd5 Bxd5 30. cxd5 Rc8 31. Rc1 Qd7 32. Rc6 Rb8 33. Kg2 Bf8 34. h3 Qa7 35. Ng1 Qa2+ 36. Rc2 Qb1 37. Nf3 Rc8 38. Nxd4 Rxc2+ 39. Qxc2 Qb4 40. Ne6 Kg8 41. Qd3 Qb2+ 42. Kf3 exf4 43. Nxf4 Qc1 44. Kg2 Bg7 45. h4 h6 46. Nxg6 Qb2+ 47. Kh3 Qf2 48. Nf4 Be5 49. Qe2 Qg1 50. Qg4+ Kh8 51. Qc8+ Kg7 52. Qd7+ Kg8 53. Qe8+ Kg7 54. Qg6+ Kf8 55. Ne6+ Ke7 56. Qh7+ 1-0

[Event "GRE-chT 45th"]
[Site "Achaia"]
[Date "2017.07.04"]
[Round "2.3"]
[White "Kazakos, Markos"]
[Black "Tzavaras, Spyridon"]
[Result "1-0"]
[WhiteElo "1822"]
[BlackElo "1281"]
[PlyCount "79"]
[EventDate "2017.07.03"]
[EventType "team-swiss"]
[EventRounds "7"]
[EventCountry "GRE"]
[SourceTitle "CBM 179 Extra"]
[Source "ChessBase"]
[SourceDate "2017.08.23"]
[SourceVersion "1"]
[SourceVersionDate "2017.08.23"]
[SourceQuality "1"]
[WhiteTeam "Thessaloniki HS"]
[BlackTeam "Pine AO"]
[WhiteTeamCountry "GRE"]
[BlackTeamCountry "GRE"]

1. g3 c5 2. Bg2 Nc6 3. d3 d6 4. e4 g6 5. Ne2 Bg7 6. 0-0 Nf6 7. c4 0-0 8. Nbc3 Qc7 9. h3 a6 10. Bg5 h6 11. Be3 Be6 12. g4 Rab8 13. Qd2 Kh7 14. f4 b5 15. f5 Bd7 16. cxb5 axb5 17. fxg6+ fxg6 18. g5 hxg5 19. Bxg5 b4 20. Nd5 Nxd5 21. exd5 Ne5 22. Nf4 Rf5 23. h4 Bf6 24. Nh3 Rf8 25. Qe2 Qa7 26. Kh1 Qb7 27. Rg1 Kg7 28. Qe3 Bxg5 29. Nxg5 Ng4 30. Qxe7+ R5f7 31. Nxf7 Rxf7 32. Qxd6 Nf2+ 33. Kh2 Rf6 34. Qe7+ Rf7 35. Qe5+ Rf6 36. Be4 Ng4+ 37. Rxg4 Bxg4 38. Rg1 Bc8 39. Rxg6+ Kh7 40. Qh5# 1-0